header

Practice-based learning in nursing, health and social care (Record no. 65373)

MARC details
000 -LEADER
fixed length control field 02047nam a2200349 a 4500
082 04 - DEWEY DECIMAL CLASSIFICATION NUMBER
Classification number 610.68
100 1# - MAIN ENTRY--AUTHOR NAME
Personal name Scott, Ian,
245 10 - TITLE STATEMENT
Title Practice-based learning in nursing, health and social care
260 ## - PUBLICATION, DISTRIBUTION, ETC. (IMPRINT)
Place of publication Hoboken, N.J. :
Name of publisher Wiley-Blackwell,
Year of publication 2013.
300 ## - PHYSICAL DESCRIPTION
Number of Pages ix, 228 p. :
Other physical details ill.
505 0# - FORMATTED CONTENTS NOTE
Formatted contents note Mentoring and supervision and other facilitative relationships -- Personal and professional aspects of supervising others -- The workplace as a learning environment : structures and sources of support and supervision -- Practice settings as a learning resource -- Identifying your learner's needs and documenting a working learning plan -- Facilitating professional development -- Reporting on progress : assessing performance and keeping evidence -- Giving feedback and documenting progress -- Inquiring into personal professional practice -- Personal and professional development planning.
650 #0 - SUBJECT ADDED ENTRY--TOPICAL TERM
Topical Term Nursing services
Topical Term Mentoring in nursing
700 1# - ADDED ENTRY--PERSONAL NAME
Personal name Spouse, Jenny.
856 40 - ELECTRONIC LOCATION AND ACCESS
Uniform Resource Identifier http://site.ebrary.com/lib/rucke/Doc?id=10658454
588 ## -
-- Description based on print version record and CIP data provided by publisher; resource not viewed.

No items available.

© 2026 Rongo University
Contact us: librarian | system librarian | Rongo university